Countries, US States, Capitals, Elements, 100 Most Common Words: Containing ME or US - Statistics

General Stats
  • This quiz has been taken 670 times
  • The average score is 22 of 48
Answer Stats
Category LETTERS ONLY LETTERS AND SPACES ANSWER % Correct
Most Common English Words (100) ME ME Me
98%
Most Common English Words (100) US US Us
95%
Countries of the World (196) MEXICO MEXICO Mexico
89%
World Capitals (196) MEXICOCITY MEXICO CITY Mexico City
89%
Countries of the World (196) RUSSIA RUSSIA Russia
79%
Countries of the World (196) AUSTRALIA AUSTRALIA Australia
75%
Countries of the World (196) AUSTRIA AUSTRIA Austria
75%
Countries of the World (196) BELARUS BELARUS Belarus
70%
World Capitals (196) LOME LOME Lomé
67%
US State Capitals (50) AUSTIN AUSTIN Austin
61%
Most Common English Words (100) USE USE Use
61%
World Capitals (196) ROME ROME Rome
60%
Most Common English Words (100) SOME SOME Some
57%
Most Common English Words (100) COME COME Come
55%
50 States in One Minute (50) NEWMEXICO NEW MEXICO New Mexico
55%
Periodic Table Quiz (118) MERCURY MERCURY Mercury
54%
Countries of the World (196) YEMEN YEMEN Yemen
54%
Periodic Table Quiz (118) MENDELEVIUM MENDELEVIUM Mendelevium
53%
US State Capitals (50) AUGUSTA AUGUSTA Augusta
51%
Periodic Table Quiz (118) AMERICIUM AMERICIUM Americium
48%
Countries of the World (196) ARMENIA ARMENIA Armenia
47%
World Capitals (196) SAOTOME SAO TOME São Tomé
47%
Countries of the World (196) SAOTOMEANDPRINCIPE SAO TOME AND PRINCIPE São Tomé and Príncipe
47%
World Capitals (196) VILNIUS VILNIUS Vilnius
47%
World Capitals (196) DAMASCUS DAMASCUS Damascus
45%
Periodic Table Quiz (118) MEITNERIUM MEITNERIUM Meitnerium
45%
World Capitals (196) MUSCAT MUSCAT Muscat
45%
Countries of the World (196) SURINAME SURINAME Suriname
45%
Most Common English Words (100) JUST JUST Just
41%
Countries of the World (196) CAMEROON CAMEROON Cameroon
40%
Countries of the World (196) MAURITIUS MAURITIUS Mauritius
38%
World Capitals (196) LUSAKA LUSAKA Lusaka
36%
Periodic Table Quiz (118) PHOSPHORUS PHOSPHORUS Phosphorus
35%
US State Capitals (50) COLUMBUS COLUMBUS Columbus
34%
World Capitals (196) BRUSSELS BRUSSELS Brussels
33%
Countries of the World (196) TURKMENISTAN TURKMENISTAN Turkmenistan
33%
Countries of the World (196) CYPRUS CYPRUS Cyprus
30%
World Capitals (196) NIAMEY NIAMEY Niamey
27%
Most Common English Words (100) TIME TIME Time
26%
World Capitals (196) DUSHANBE DUSHANBE Dushanbe
25%
50 States in One Minute (50) MASSACHUSETTS MASSACHUSETTS Massachusetts
25%
Periodic Table Quiz (118) PROMETHIUM PROMETHIUM Promethium
21%
World Capitals (196) JERUSALEM JERUSALEM Jerusalem
20%
US State Capitals (50) SACRAMENTO SACRAMENTO Sacramento
16%
World Capitals (196) YAMOUSSOUKRO YAMOUSSOUKRO Yamoussoukro
15%
World Capitals (196) NDJAMENA N DJAMENA N'Djamena
14%
US State Capitals (50) MONTGOMERY MONTGOMERY Montgomery
10%
Most Common English Words (100) BECAUSE BECAUSE Because
7%
No matching quizzes found
Score Distribution
Percent of People with Each Score
Percentile by Number Answered
Your Score History
You have not taken this quiz